000 02191nam0a2200445 4500
001 RU\NLR\BIBL_A\010508662
005 20260406051550.0
010 _a978-5-4465-0447-3
_91000
021 _aRU
_b2014-60742
_93686
035 _a(NILC)RuMoRGB-007535416
035 _a(NLR Aleph) 010508662
090 _a10168133
_c10168133
100 _a20141023d2014 |||y0rusy50 ca
101 0 _arus
102 _aRU
105 _aa|||z|||000yy
200 1 _aПланетарная безопасность человечества
_fМельников В. П., Константиновская Л. В., Кузнецов П. П. [и др.]
_gпод науч. ред. проф. Мельникова В. П.
210 _aМосква
_cБуки Веди
_d2014
215 _a370 с.
_cил., табл.
_d21
320 _aБиблиогр.: с. 362-370
606 1 _aКосмические тела
_xСтолкновение с Землей
_92246834
_3RU\NLR\AUTH\661347906
606 1 _aКосмическое пространство
_xОсвоение
_91384452
_3RU\NLR\AUTH\66581368
606 1 _aЭлектромагнитное поле
_xВлияние на организм
_xГигиеническая оценка
_91979088
_3RU\NLR\AUTH\661193899
606 1 _aЛетчики-космонавты
_xГигиена труда
_91144917
_3RU\NLR\AUTH\66456253
607 _aЗемля, планета
_xВлияние космических факторов
_92440411
_3RU\NLR\AUTH\661451860
686 1 _aВ654.13
686 1 _aД38
686 1 _aД205
686 1 _aО6
686 1 _aР120.112
686 1 _aР124.527
701 1 _8rus
_7ca
_aМельников
_bВ. П.
_cд-р геол.-минерал. наук
_f1940-
_gВладимир Павлович
_3RU\NLR\AUTH\776805
_9116753
701 1 _aКонстантиновская
_bЛ. В.
_gЛюдмила Васильевна
701 1 _aКузнецов
_bП. П.
_cд-р техн. наук
_gПавел Павлович
_9145697
_3RU\NLR\AUTH\770145733
801 0 _aRU
_bРГБ
_c20140814
_gRCR
942 _cBOOK
980 _aNBR
980 _aNB